| 000 | 00542nam a2200181Ia 4500 | ||
|---|---|---|---|
| 999 |
_c28575 _d28575 |
||
| 003 | OSt | ||
| 005 | 20210107104319.0 | ||
| 008 | 190216s9999||||xx |||||||||||||| ||und|| | ||
| 020 | _a9788126405596 | ||
| 040 | _coclc | ||
| 082 |
_a894.812301 _bVAR/S |
||
| 100 |
_aVarkey, Ponkunnam _98227 |
||
| 245 | 0 |
_aSabdikkunna Kalappayum Mattu Pradhana Kathakalum / _cPonkunnam Varkey |
|
| 260 |
_bDc Books, _aKottayam: _c2006. |
||
| 300 | _a100p | ||
| 650 | _aKathakal | ||
| 942 |
_cBK _2ddc _h894.812301 _iVAR/S _k894.812301 _mVAR/S |
||